[Event "Gibraltar Amateurs op-A"]
[Site "Caleta"]
[Date "2020.01.22"]
[Round "3"]
[White "Kuenitz, Klaus"]
[Black "Dennis, Nigel W"]
[Result "0-1"]
[WhiteElo "1726"]
[BlackElo "1784"]
[PlyCount "76"]
[EventDate "2020.01.20"]
[EventType "swiss"]
[EventRounds "5"]
[EventCountry "GGB"]
[SourceTitle "CBM 194 Extra"]
[Source "ChessBase"]
[SourceDate "2020.03.31"]
[SourceVersion "1"]
[SourceVersionDate "2020.03.31"]
[SourceQuality "1"]

1. d4 Nf6 2. c4 g6 3. Nc3 Bg7 4. Nf3 0-0 5. Bf4 d6 6. e3 Nbd7 7. Be2 c5 8. h3 b6 9. 0-0 Bb7 10. d5 a6 11. a4 Qc7 12. Qd2 Rad8 13. Rfe1 Ne8 14. Rad1 Ndf6 15. Bf1 Nh5 16. Bh2 e5 17. dxe6 fxe6 18. Ng5 Qe7 19. Nge4 d5 20. Ng3 Nxg3 21. Bxg3 Nf6 22. Qc2 Rd7 23. f3 Rfd8 24. Qb3 Ba8 25. cxd5 Nxd5 26. Nxd5 Bxd5 27. Qc2 b5 28. axb5 axb5 29. b3 Bc6 30. Rxd7 Rxd7 31. Rc1 Bf8 32. e4 Bh6 33. f4 e5 34. Qxc5 exf4 35. Qxe7 Rxe7 36. Bh4 Re6 37. e5 f3 38. gxf3 Bxc1 0-1

[Event "Gibraltar Amateur op-B"]
[Site "Caleta"]
[Date "2019.01.27"]
[Round "2"]
[White "Kuenitz, Klaus"]
[Black "Johansson, Daniel3333"]
[Result "1/2-1/2"]
[WhiteElo "1723"]
[BlackElo "1859"]
[PlyCount "116"]
[EventDate "2019.01.26"]
[EventType "swiss"]
[EventRounds "5"]
[EventCountry "GGB"]
[SourceTitle "EXT 2021"]
[Source "ChessBase"]
[SourceDate "2020.10.23"]
[SourceVersion "1"]
[SourceVersionDate "2020.10.23"]
[SourceQuality "1"]

1. d4 Nf6 2. c4 e6 3. Nf3 d5 4. Bg5 Be7 5. e3 a6 6. Nc3 0-0 7. cxd5 exd5 8. Rc1 h6 9. Bh4 Nbd7 10. Be2 b6 11. 0-0 Bb7 12. Ne5 Ne8 13. Bg3 Nxe5 14. Bxe5 Bd6 15. Bxd6 Qxd6 16. Bf3 Nf6 17. Qd3 Rfe8 18. g3 Rad8 19. Qc2 g6 20. Bg2 Kg7 21. a3 h5 22. Na2 c6 23. Nb4 a5 24. Nd3 h4 25. Ne5 Nd7 26. f4 hxg3 27. hxg3 f5 28. Kf2 Nxe5 29. fxe5 Qe7 30. Rh1 Qg5 31. Rh4 Rh8 32. Rch1 Rxh4 33. Rxh4 Qe7 34. Qc1 Rh8 35. Rxh8 Kxh8 36. Qc3 Kg7 37. b4 axb4 38. Qxb4 Qc7 39. Qb3 Kf7 40. Qd1 Ke6 41. Qh1 c5 42. Qh6 cxd4 43. Qxg6+ Kxe5 44. exd4+ Kxd4 45. Qf6+ Kc4 46. Bf1+ Kb3 47. Qxf5 Qc5+ 48. Kf3 d4+ 49. Kf4 Qc1+ 50. Ke5 Qe3+ 51. Kf6 Qf3 52. g4 Kxa3 53. g5 Qxf5+ 54. Kxf5 Kb4 55. Ke5 Kc5 56. g6 Bd5 57. g7 Bg8 58. Bd3 b5 1/2-1/2

[Event "Gibraltar Amateur op-A"]
[Site "Caleta"]
[Date "2019.01.25"]
[Round "5"]
[White "Kuenitz, Klaus"]
[Black "Savage, Neil"]
[Result "1/2-1/2"]
[WhiteElo "1723"]
[BlackElo "1585"]
[PlyCount "49"]
[EventDate "2019.01.21"]
[EventType "swiss"]
[EventRounds "5"]
[EventCountry "GGB"]
[SourceTitle "CBM 188 Extra"]
[Source "ChessBase"]
[SourceDate "2019.02.26"]
[SourceVersion "1"]
[SourceVersionDate "2019.02.26"]
[SourceQuality "1"]

1. d4 Nf6 2. c4 g6 3. Nc3 d5 4. Bf4 Bg7 5. e3 c5 6. dxc5 Qa5 7. Qa4+ Qxa4 8. Nxa4 dxc4 9. Bxc4 Bd7 10. Nc3 Bc6 11. Nf3 Nbd7 12. 0-0 Nxc5 13. Ne5 0-0 14. Nxc6 bxc6 15. f3 Rad8 16. Rfd1 Nfd7 17. e4 Ne5 18. Bxe5 Bxe5 19. Rxd8 Rxd8 20. Rd1 Rxd1+ 21. Nxd1 Na4 22. b4 Nb2 23. Nxb2 Bxb2 24. b5 cxb5 25. Bxb5 1/2-1/2

[Event "Gibraltar Amateur op-B"]
[Site "Caleta"]
[Date "2018.01.31"]
[Round "5"]
[White "Webel, Peter"]
[Black "Kuenitz, Klaus"]
[Result "1/2-1/2"]
[WhiteElo "1853"]
[BlackElo "1767"]
[PlyCount "115"]
[EventDate "2018.01.27"]
[EventType "swiss"]
[EventRounds "5"]
[EventCountry "GGB"]
[SourceTitle "EXT 2019"]
[Source "ChessBase"]
[SourceDate "2018.10.10"]
[SourceVersion "1"]
[SourceVersionDate "2018.10.10"]
[SourceQuality "1"]

1. d4 f5 2. e4 fxe4 3. Nc3 Nf6 4. Bg5 g6 5. h4 h6 6. Bxf6 exf6 7. Qg4 Rg8 8. Qxe4+ Qe7 9. Bc4 Rg7 10. 0-0-0 Qxe4 11. Nxe4 Be7 12. g4 d5 13. Bxd5 c6 14. Bc4 Bxg4 15. Re1 Kd8 16. d5 cxd5 17. Bxd5 Kc7 18. Ne2 Nc6 19. N4c3 Rd8 20. Nf4 Ne5 21. f3 Bc8 22. Be6 Kb8 23. Bxc8 Rxc8 24. Nfd5 Nc6 25. Re6 f5 26. Rhe1 Bxh4 27. Rh1 Nd4 28. Rd6 Bg3 29. f4 h5 30. Rd1 Nc6 31. Rd3 h4 32. Ne2 Bf2 33. b4 Rh8 34. Rh3 a6 35. a4 Nxb4 36. Nxb4 Bc5 37. Nxa6+ bxa6 38. Rxa6 Kb7 39. Ra5 Kc6 40. Rc3 h3 41. Raxc5+ Kd6 42. Rc6+ Kd5 43. R6c5+ Kd6 44. Ng3 h2 45. Nh1 Rh4 46. R5c4 Rg4 47. Rc6+ Kd5 48. R6c5+ Ke6 49. Rc6+ Kf7 50. Rc7+ Kg8 51. Rc8+ Kf7 52. R8c7+ Kf8 53. Rc8+ Ke7 54. R8c7+ Kf8 55. Rc8+ Kf7 56. R8c7+ Kf8 57. Rc8+ Kf7 58. R8c7+ 1/2-1/2

[Event "Hofheim Spring op-B 5th"]
[Site "Hofheim"]
[Date "2017.04.09"]
[Round "5"]
[White "Kuenitz, Klaus"]
[Black "Metzing, Joachim"]
[Result "1-0"]
[WhiteElo "1777"]
[BlackElo "1931"]
[PlyCount "41"]
[EventDate "2017.04.07"]
[EventType "swiss"]
[EventRounds "9"]
[EventCountry "GER"]
[SourceTitle "CBM 178 Extra"]
[Source "ChessBase"]
[SourceDate "2017.06.22"]
[SourceVersion "1"]
[SourceVersionDate "2017.06.22"]
[SourceQuality "1"]

1. d4 d5 2. c4 dxc4 3. Nf3 Nf6 4. e3 e6 5. Bxc4 c5 6. 0-0 Nc6 7. Qe2 cxd4 8. Rd1 Qc7 9. exd4 Be7 10. Nc3 a6 11. Bg5 0-0 12. Rac1 Qa5 13. h3 Rd8 14. Be3 Qh5 15. Ne5 Qxe2 16. Bxe2 Nb4 17. Bf3 Nbd5 18. Rd3 Bd7 19. Nxd5 Nxd5 20. Bxd5 exd5 21. Rc7 1-0

[Event "Hofheim Spring op-B 5th"]
[Site "Hofheim"]
[Date "2017.04.08"]
[Round "2"]
[White "Kuenitz, Klaus"]
[Black "Reuter, Elisa"]
[Result "0-1"]
[WhiteElo "1777"]
[BlackElo "1604"]
[PlyCount "96"]
[EventDate "2017.04.07"]
[EventType "swiss"]
[EventRounds "9"]
[EventCountry "GER"]
[SourceTitle "CBM 178 Extra"]
[Source "ChessBase"]
[SourceDate "2017.06.22"]
[SourceVersion "1"]
[SourceVersionDate "2017.06.22"]
[SourceQuality "1"]

1. d4 Nf6 2. c4 g6 3. Nf3 Bg7 4. Nc3 d5 5. Bf4 0-0 6. e3 c5 7. dxc5 Qa5 8. Rc1 dxc4 9. Bxc4 Qxc5 10. Be2 Qb4 11. Qd2 Nc6 12. a3 Qb6 13. Na4 Qd8 14. 0-0 Ne4 15. Qxd8 Rxd8 16. Rfd1 Be6 17. Bc7 Rdc8 18. Bf4 Bb3 19. Nc3 Nxc3 20. bxc3 Bxd1 21. Bxd1 Na5 22. Ne5 Nc4 23. Nxc4 Rxc4 24. Bf3 e5 25. Be2 Rc5 26. Bg5 e4 27. h4 Rxc3 28. Rd1 Rac8 29. Rd7 R3c7 30. Rd5 Rc2 31. Bd1 R2c5 32. Rd7 R5c7 33. Rd5 a6 34. a4 Re8 35. Bd8 Rc8 36. Bb6 Be5 37. Rd7 Rc1 38. g3 Bf6 39. Kg2 Re7 40. Rd5 Re6 41. a5 Be7 42. Rd7 Bc5 43. Bb3 Re7 44. Rxe7 Bxe7 45. Bd5 Bc5 46. Bxe4 Bxb6 47. axb6 a5 48. Bxb7 Rb1 0-1

[Event "Gibraltar Amateur op-A"]
[Site "Caleta"]
[Date "2017.01.24"]
[Round "2"]
[White "Lopez Diaz, Rafael"]
[Black "Kuenitz, Klaus"]
[Result "0-1"]
[WhiteElo "1779"]
[BlackElo "1690"]
[PlyCount "112"]
[EventDate "2017.01.23"]
[EventType "swiss"]
[EventRounds "5"]
[EventCountry "GGB"]
[SourceTitle "CBM 176 Extra"]
[Source "ChessBase"]
[SourceDate "2017.03.02"]
[SourceVersion "1"]
[SourceVersionDate "2017.03.02"]
[SourceQuality "1"]

1. b4 d5 2. Bb2 Bf5 3. e3 e6 4. Nf3 h6 5. Be2 Nf6 6. a3 c5 7. Bb5+ Nbd7 8. Ne5 Rc8 9. g4 Bh7 10. Qf3 Be4 11. Bxd7+ Qxd7 12. Qxe4 Nxe4 13. Nxd7 Kxd7 14. d3 Nf6 15. Bxf6 gxf6 16. b5 Bd6 17. c4 d4 18. Nd2 dxe3 19. fxe3 h5 20. Ne4 hxg4 21. Nxf6+ Ke7 22. Nxg4 f5 23. Nf2 Rxh2 24. Rxh2 Bxh2 25. Ke2 Rh8 26. Kf3 Be5 27. Rg1 Kf6 28. Rg2 Kf7 29. Rg1 b6 30. a4 a6 31. Rh1 Ra8 32. Rh7+ Bg7 33. Rh2 axb5 34. axb5 Ra2 35. Rg2 Bh6 36. Nd1 Ra3 37. Rd2 e5 38. Nb2 Ke6 39. Rh2 Bg7 40. Nd1 Rxd3 41. Nb2 e4+ 42. Ke2 Bxb2 43. Rh7 Bc1 44. Rh6+ Ke5 45. Rxb6 Bxe3 46. Rb8 Kf4 47. Rh8 Rd2+ 48. Ke1 Rb2 49. Rh4+ Ke5 50. Rh5 Bd4 51. Kd1 e3 52. Rh8 e2+ 53. Ke1 Bc3+ 54. Kf2 e1Q+ 55. Kf3 Qe4+ 56. Kg3 Rg2+ 0-1

[Event "Heusenstamm Sparkassen op-B 3rd"]
[Site "Heusenstamm"]
[Date "2016.11.27"]
[Round "2"]
[White "Kuenitz, Klaus"]
[Black "Mook, Karl Juergen"]
[Result "1/2-1/2"]
[WhiteElo "1757"]
[BlackElo "1535"]
[PlyCount "64"]
[EventDate "2016.11.27"]
[EventType "swiss"]
[EventRounds "7"]
[EventCountry "GER"]
[SourceTitle "EXT 2018"]
[Source "ChessBase"]
[SourceDate "2017.10.13"]
[SourceVersion "1"]
[SourceVersionDate "2017.10.13"]
[SourceQuality "1"]

1. d4 Nf6 2. c4 e6 3. Nf3 d5 4. Bg5 g6 5. Nc3 c6 6. e3 Bg7 7. Be2 0-0 8. 0-0 Qd6 9. c5 Qc7 10. Bf4 Qd8 11. h3 Ne4 12. Qc2 Nxc3 13. Qxc3 Nd7 14. b4 Nf6 15. a4 Ne4 16. Qc2 a5 17. b5 cxb5 18. axb5 Bd7 19. Rfc1 Qc8 20. Qb2 Qd8 21. Ra4 g5 22. Bh2 Qf6 23. c6 Bc8 24. Rca1 b6 25. Bd3 Qh6 26. Bxe4 dxe4 27. Ne5 Bxe5 28. Bxe5 f6 29. Bc7 g4 30. hxg4 Rf7 31. Bxb6 Rg7 32. Rxa5 Rb8 1/2-1/2

[Event "Eschborn op"]
[Site "Eschborn"]
[Date "2016.09.03"]
[Round "2"]
[White "George, Karsten"]
[Black "Kuenitz, Klaus"]
[Result "1/2-1/2"]
[WhiteElo "1229"]
[BlackElo "1746"]
[PlyCount "60"]
[EventDate "2016.09.02"]
[EventType "swiss"]
[EventRounds "5"]
[EventCountry "GER"]
[SourceTitle "EXT 2018"]
[Source "ChessBase"]
[SourceDate "2017.10.13"]
[SourceVersion "1"]
[SourceVersionDate "2017.10.13"]
[SourceQuality "1"]

1. e3 e5 2. Nf3 e4 3. Ne5 d5 4. h3 Nf6 5. b3 c5 6. Bb5+ Bd7 7. Nc3 Bxb5 8. Nxb5 Bd6 9. Ng4 Nc6 10. Bb2 Be7 11. Qe2 0-0 12. h4 a6 13. Nc3 Qd7 14. Nxf6+ Bxf6 15. 0-0-0 b5 16. g4 b4 17. Na4 Bxb2+ 18. Kxb2 Qe7 19. g5 f5 20. gxf6 Rxf6 21. Nb6 Qe5+ 22. Kb1 Raf8 23. Rdf1 d4 24. Nd7 d3 25. Qd1 Qd5 26. Nxf6+ Rxf6 27. c4 bxc3 28. dxc3 c4 29. b4 a5 30. Qg4 axb4 1/2-1/2

[Event "Eschborn op"]
[Site "Eschborn"]
[Date "2016.09.03"]
[Round "3"]
[White "Kuenitz, Klaus"]
[Black "Goodwin, David"]
[Result "1/2-1/2"]
[WhiteElo "1746"]
[BlackElo "1376"]
[PlyCount "50"]
[EventDate "2016.09.02"]
[EventType "swiss"]
[EventRounds "5"]
[EventCountry "GER"]
[SourceTitle "EXT 2018"]
[Source "ChessBase"]
[SourceDate "2017.10.13"]
[SourceVersion "1"]
[SourceVersionDate "2017.10.13"]
[SourceQuality "1"]

1. d4 g6 2. e4 Bg7 3. c4 d6 4. Nc3 Nf6 5. Nf3 0-0 6. h3 Nbd7 7. Be3 c5 8. Be2 b6 9. 0-0 Bb7 10. e5 dxe5 11. dxe5 Ne4 12. Nxe4 Bxe4 13. Ng5 Bf5 14. f4 h6 15. Nf3 Qc7 16. g4 Be4 17. Nd2 Bc6 18. Bf3 Rad8 19. Bxc6 Qxc6 20. Qc2 e6 21. Rad1 Rfe8 22. Ne4 Bf8 23. Nd6 Re7 24. Ne4 Qa8 25. Rd2 Ree8 1/2-1/2

[Event "Eschborn op"]
[Site "Eschborn"]
[Date "2016.09.02"]
[Round "1"]
[White "Kuenitz, Klaus"]
[Black "Langheinrich, Ferenc"]
[Result "0-1"]
[WhiteElo "1746"]
[BlackElo "2323"]
[PlyCount "72"]
[EventDate "2016.09.02"]
[EventType "swiss"]
[EventRounds "5"]
[EventCountry "GER"]
[SourceTitle "EXT 2018"]
[Source "ChessBase"]
[SourceDate "2017.10.13"]
[SourceVersion "1"]
[SourceVersionDate "2017.10.13"]
[SourceQuality "1"]

1. d4 Nf6 2. c4 e6 3. Nf3 d5 4. Bg5 h6 5. Bh4 dxc4 6. Qa4+ Nbd7 7. e3 Be7 8. Bxc4 0-0 9. Bd3 Nc5 10. Qd1 Nxd3+ 11. Qxd3 c5 12. 0-0 cxd4 13. Qxd4 Qxd4 14. Nxd4 g5 15. Bg3 Ne4 16. Bc7 Bd7 17. Ba5 b6 18. Bc3 e5 19. Nf3 f6 20. Nfd2 Bc6 21. Nxe4 Bxe4 22. Rd1 Kf7 23. Nd2 Bc2 24. Rdc1 Bd3 25. Nf1 Rfd8 26. Be1 Rac8 27. a3 a5 28. Rc3 Rxc3 29. Bxc3 Ke6 30. h3 f5 31. g3 h5 32. Kg2 g4 33. hxg4 hxg4 34. Nd2 Bb5 35. Rh1 Bc6+ 36. e4 Bg5 0-1

[Event "GER-chB Seniors 28th"]
[Site "Niederhausen"]
[Date "2016.08.17"]
[Round "5"]
[White "Cichon, Joerg"]
[Black "Kuenitz, Klaus"]
[Result "1-0"]
[WhiteElo "1810"]
[BlackElo "1775"]
[PlyCount "93"]
[EventDate "2016.08.13"]
[EventType "swiss"]
[EventRounds "9"]
[EventCountry "GER"]
[SourceTitle "EXT 2019"]
[Source "ChessBase"]
[SourceDate "2018.10.10"]
[SourceVersion "1"]
[SourceVersionDate "2018.10.10"]
[SourceQuality "1"]

1. e4 e6 2. d3 d5 3. Nd2 c5 4. g3 Nc6 5. Bg2 Nf6 6. Ngf3 Be7 7. 0-0 b6 8. Re1 Bb7 9. e5 Nd7 10. Nf1 Qc7 11. Qe2 h6 12. h4 0-0-0 13. Bf4 Rdg8 14. g4 Bxh4 15. Nxh4 g5 16. Bh2 gxh4 17. f4 Nd4 18. Qd1 Rh7 19. c3 Nc6 20. d4 Rhg7 21. Ne3 Kb8 22. Bh3 f5 23. exf6 Nxf6 24. f5 e5 25. dxe5 Nxe5 26. Nxd5 Rxg4+ 27. Kf1 Ba6+ 28. Re2 Rg1+ 29. Bxg1 Rxg1+ 30. Kxg1 Nf3+ 31. Kh1 Qg3 32. Nf4 Bxe2 33. Qxe2 Nh5 34. Rf1 Qxf4 35. Rxf3 Ng3+ 36. Rxg3 hxg3 37. Qe8+ Kc7 38. Qe7+ Kb8 39. Qd8+ Kb7 40. Bg2+ Ka6 41. Qd3+ c4 42. Qf3 Qc1+ 43. Qf1 Qxb2 44. Qxc4+ b5 45. Qc6+ Ka5 46. Qc7+ Ka4 47. Qxa7# 1-0

[Event "Hofheim Spring op-B 4th"]
[Site "Hofheim"]
[Date "2016.04.01"]
[Round "6"]
[White "Kuenitz, Klaus"]
[Black "John, Volkmar"]
[Result "0-1"]
[WhiteElo "1825"]
[BlackElo "1757"]
[PlyCount "50"]
[EventDate "2016.03.30"]
[EventType "swiss"]
[EventRounds "9"]
[EventCountry "GER"]
[SourceTitle "EXT 2018"]
[Source "ChessBase"]
[SourceDate "2017.10.13"]
[SourceVersion "1"]
[SourceVersionDate "2017.10.13"]
[SourceQuality "1"]

1. d4 d5 2. c4 e6 3. Nf3 Nf6 4. Bg5 Be7 5. e3 0-0 6. Nc3 Nbd7 7. Rc1 c6 8. cxd5 exd5 9. Bd3 Re8 10. 0-0 Nf8 11. Bxf6 Bxf6 12. b4 Bg4 13. Be2 Qd7 14. Qb3 a6 15. a4 g5 16. h3 Bf5 17. b5 axb5 18. axb5 g4 19. bxc6 bxc6 20. hxg4 Bxg4 21. Na4 Ng6 22. Nc5 Qf5 23. Nd3 Rab8 24. Qa4 Bxf3 25. gxf3 Qg5+ 0-1